000 01154nam a2200301 4500
003 EG-GICUC
005 20260121101248.0
008 251119s1971 ua ||||fr|||| 00| 0 ara d
017 _a19711725
040 _a EG-GICUC
_bara
_c EG-GICUC
_d EG-GICUC
_erda
082 0 4 _221
_a341.81
_bا ب .ج
092 0 4 _221
099 _aLaw1 12 341.81 ا ب .ج 1971
100 0 _aإبراهيم عبدالباقى
_eمؤلف.
245 1 2 _aالجنسية فى قوانين دول المغرب العربى الكبير /
_cإبراهيم عبدالباقى.
264 _aالقاهرة :
_bجامعة الدول العربية،
_c1971.
300 _a861 ؛صفحة
_c24 سم
336 _2rda content
_atext
337 _2rda media
_aComputer
338 _2rda carrier
_aOnline Resource
504 _aيحتوي على ارجاعات ببليوجرافية
546 _aالنص أغلبه باللغة العربية مع بعض النصوص الفرنسية
650 1 _aالجنسية -
_x قانون دولي
651 1 _2qrmak
856 4 0 _uhttps://fll.law.cu.edu.eg/fulltext/bks/B12-00535.pdf
905 _a75
_eYara
942 _2ddc
_n0
_cBK
_e21
999 _c44842
_d44842